000 00683 a2200217 4500
999 _c32129
_d32129
003 OSt
005 20260218144024.0
008 260218b ||||| |||| 00| 0 eng d
020 _a978-1-85609-879-3
040 _c.
082 _a623.87236
_bG8551
100 _91473
_aGriffiths, Denis
245 _aMarine Low Speed Diesel Engines (Vol.2 Part 17) /
_cDenis Griffiths
250 _aRev ed.
260 _bWitherby Publishing Group Ltd,
_aUK :
_c2020.
300 _a2 v. (x, 228 p.)
440 _96627
_aMarine Engineering Practice Series
650 0 _91219
_aMarine Diesel Engines
710 _96628
_aThe Institute of Marine Engineering Science and Technology
942 _2ddc
_cBK